LEADER 01118nam a2200241 u 4500 001 000000021323 003 CaOOAMICUS 005 20070226111011.0 008 950314s1965 it u000 u ita u 035 $a10526177 040 $aPUL(R)$bita 100 1 $aPásztor, Edith,$d1925-$0(OLS)http://pul/name/18371 245 10$aMotivi dell'ecclesiologia di Anselmo di Lucca :$bin margine a un sermone inedito /$cEdith Pásztor. 260 $aRoma :$b[s.n.],$c1965. 300 $aP. [45]-104 ;$c25 cm 500 $a"Estratto dal Bullettino dell'Istituto Storico Italiano per il Medio Evo e Archivio Muratoriano, n. 77". 600 04$aAnselmus,$cs., vesc. di Lucca,$d1036-1086$xFilosofia.$0(OLS)http://pul/subject/13757 850 $aPUL 852 $aPUL$W1$xDP1 Fondo Maccarrone$y58$m1520 E 32$j29920$nBK-PRI$b $qFondi$B29920$CPULBib$Z2$F29920 $H $81 941 1 $a1 961 $aINV: F: Maccarrone 996 $6245$aMotivi dell'ecclesiologia di Anselmo di Lucca :$bin margine a un sermone inedito$9(OLS)http://pul/title/29874 996 $6260$aRoma :$b[s.n.]$9(OLS)http://pul/publisher/47958 LEADER 01296nam a2200301 a 4500 001 000000143879 003 CaOOAMICUS 005 20150608094232.0 008 150608s2003 gw u000 u ger r 020 $a3-487-11949-8 040 $aPUL$bita 082 04$a200.1 100 1 $aSeidl, Horst.$0(OLS)http://pul/name/21091 245 10$aÜber das Verhältnis von Philosophie und Religion :$bBeiträge zur Religionsphilosophie /$cHorst Seidl. 260 $aHildesheim :$bOlms,$c2003. 300 $aXV, 340 p. ;$c23 cm 490 1 $aPhilosophische Texte und Studien ;$vBd. 69 504 $aBibliografia in nota. 650 4$aFilosofia della religione.$0(OLS)http://pul/subject/120 830 0$aPhilosophische Texte und Studien ;$vBd. 69.$0(OLS)http://pul/title/57446 850 $aPUL 852 $aPUL$W1$xDP2 Religione 3$y114$m200. 1 SEIHO 1$j165941$qDDC 21$B166369$CPULBib$Z2$F166369 $H126039 $82 941 1 $a9 996 $6020$a3-487-11949-8$9(OLS)http://pul/number/157790 996 $6082$a200.1$9(OLS)http://pul/classification/547 996 $6245$aÜber das Verhältnis von Philosophie und Religion :$bBeiträge zur Religionsphilosophie$9(OLS)http://pul/title/182022 996 $6260$aHildesheim :$bOlms$9(OLS)http://pul/publisher/58282